[Event "Stuttgart-chB int"]
[Site "Ditzingen"]
[Date "2008.05.03"]
[Round "5"]
[White "Follmer, Helmuth"]
[Black "Maisch, Julian"]
[Result "1-0"]
[WhiteElo "1807"]
[BlackElo "1574"]
[PlyCount "49"]
[EventDate "2008.05.01"]
[EventType "swiss"]
[EventRounds "7"]
[EventCountry "GER"]
[SourceTitle "EXT 2018"]
[Source "ChessBase"]
[SourceDate "2017.10.13"]
[SourceVersion "1"]
[SourceVersionDate "2017.10.13"]
[SourceQuality "1"]

1. e4 e5 2. Nf3 Nc6 3. Bc4 Bc5 4. b4 Bxb4 5. c3 Ba5 6. Qb3 Qe7 7. d3 h6 8. 0-0 Bb6 9. Be3 Na5 10. Qb5 Nxc4 11. Qxc4 d6 12. d4 exd4 13. Bxd4 Nf6 14. e5 dxe5 15. Nxe5 Bxd4 16. cxd4 a6 17. Nc3 Qe6 18. d5 Qd6 19. Qa4+ Bd7 20. Nxd7 Qxd7 21. Rfe1+ Kd8 22. Qb4 Rb8 23. d6 c6 24. Re7 Qg4 25. Qb6+ 1-0

[Event "Stuttgart-chB int"]
[Site "Ditzingen"]
[Date "2005.05.07"]
[Round "5"]
[White "Rudhart, Michael"]
[Black "Follmer, Helmuth"]
[Result "1-0"]
[WhiteElo "1691"]
[BlackElo "1785"]
[PlyCount "137"]
[EventDate "2005.05.05"]
[EventType "swiss"]
[EventRounds "7"]
[EventCountry "GER"]
[SourceTitle "EXT 2018"]
[Source "ChessBase"]
[SourceDate "2017.10.13"]
[SourceVersion "1"]
[SourceVersionDate "2017.10.13"]
[SourceQuality "1"]

1. c4 Nf6 2. d4 g6 3. Nf3 d6 4. g3 b6 5. Nc3 Bb7 6. Bg2 Bg7 7. Qc2 0-0 8. 0-0 Nbd7 9. Rd1 Rb8 10. b3 Re8 11. Bb2 e5 12. dxe5 Nxe5 13. Nxe5 Rxe5 14. Nb5 Rh5 15. f3 a6 16. Nc3 Qe7 17. e4 Bc8 18. Ne2 b5 19. Nd4 Bd7 20. cxb5 Rc5 21. Qd3 Bxb5 22. Nxb5 Rcxb5 23. Rac1 Rd8 24. Rc6 Ra8 25. Qc2 Ne8 26. Bxg7 Kxg7 27. Bf1 Rb7 28. Bxa6 Rba7 29. Qc4 Qf6 30. Rf1 Qb2 31. a4 Rb8 32. Bb5 Ra5 33. Rf2 Qa1+ 34. Kg2 Qe5 35. f4 Qa1 36. h4 Ra7 37. f5 f6 38. fxg6 hxg6 39. Qe6 Qe5 40. Qxe5 fxe5 41. Rfc2 Kf6 42. R6c3 c5 43. Rd2 Ke7 44. Rcd3 Nf6 45. Rxd6 Rxb5 46. axb5 Nxe4 47. R6d5 Nxd2 48. Rxd2 Ke6 49. Rc2 Kd5 50. Rd2+ Ke6 51. Kf3 Rb7 52. Rd3 Rxb5 53. g4 Rb4 54. Re3 Rf4+ 55. Kg3 Rb4 56. Rc3 Kd5 57. Kf3 Rf4+ 58. Kg3 Rb4 59. h5 gxh5 60. gxh5 Kd4 61. Rc4+ Kd3 62. Rxb4 cxb4 63. h6 e4 64. h7 e3 65. h8Q Kd2 66. Qg8 Kd1 67. Qd5+ Ke1 68. Kf3 e2 69. Qd3 1-0